000 01065nam a2200301 a 4500
001 25002
003 CO-ViMGA
008 141112s2004 ck r 000 u spa d
020 _a9789586890328
040 _aCO-ViMGA
_bspa
_cCO-ViMGA
041 _aSPA
090 _aA GRI6
100 1 _aGrindley, Sally, 1953 -
_937924
245 1 0 _aOsitos en la nieve /
_cSally Grindley ; ilustraciones John Butler ; traducción Marianela Santoveña
250 _a1a ed.
260 _aBogotá :
_bLarousse,
_c2012
300 _a22 p. ; il. col.
500 _aTítulo original de la obra : Polar star
650 1 4 _aCONDUCTA PARENTAL DE LOS ANIMALES - LIBROS DE IMAGENES
_937925
650 1 4 _aDESDE LOS 3 AÑOS
_937926
650 1 4 _aINFANCIA DE LOS ANIMALES - LIBROS DE IMAGENES
_937927
650 1 4 _aNIEVE - LIBROS DE IMAGENES
_937928
650 1 4 _aOSOS POLARES - LIBROS DE IMAGENES
_937929
650 1 4 _aRELACION MADRE - HIJOS - LIBROS DE IMAGENES
_937930
700 1 _aButler, John
_937931
700 1 _aSantoveña Rodríguez, Marianela
_937932
942 _2ddc
_cBK
999 _c2524
_d2524